000 01624nab a22002417a 4500
999 _c6367
_d6367
003 OSt
005 20260131214228.0
008 190603e xxum|||| |||| 00| 0 spa d
040 _cPJ
100 _97014
_aFreier, Martín
245 1 0 _aContratos de distribución en sentido estricto :
_bdiferencias con figuras afines, marco legal aplicable y criterio jurisprudencial en materia de preaviso razonable /
_cMartín Freier.
260 _cCiudad Autónoma de Buenos Aires :
_aThomson Reuters La Ley,
_b2025.
300 _ap. 246-256
500 _aCita: TR LALEY AR/DOC/2865/2025 Publicado en: RCCyC 2025 (Diciembre).
505 _aSumario: I. Introducción.— II. Aproximaciones a la noción de los contratos de distribución en sentido estricto.— III. Los contratos de distribución nominados. Tratamiento normativo y diferenciación con los contratos de distribución en sentido estricto.— IV. Tratamiento del contrato de distribución en sentido estricto en el sistema legal argentino.— V. Pautas interpretativas de la Excma. Cámara Nacional de Apelaciones en lo Comercial en materia de preaviso razonable, indemnización sustitutiva de preaviso y aplicación a cada caso concreto.
505 _t¿Te interesa el texto completo? Solicitalo al correo: koha@justierradelfuego.gov.ar
650 0 _aCONTRATOS
_93463
650 0 _aCONTRATO DE AGENCIA
_94308
650 0 _aLUCRO CESANTE
_95470
650 0 _aAUTONOMÍA DE LA VOLUNTAD
_93474
773 0 _02713
_93170
_dCiudad Autónoma de Buenos Aires : Thomson Reuters La Ley, 2015-
_tRevista Código Civil y Comercial. Nº 6 - Diciembre 2025
942 _2udc
_cANA